Μεγάλη ελληνική εγκυκλοπαίδεια : συμπλήρωμα
Αποθηκεύτηκε σε:
| Κύριος συγγραφέας: | |
|---|---|
| Μορφή: | Βιβλίο |
| Γλώσσα: | Greek |
| Δημοσίευση: |
Αθήναι :
"Ο Φοίνιξ",
[1957].
|
| Θέματα: | |
| Ετικέτες: |
Προσθήκη ετικέτας
Δεν υπάρχουν, Καταχωρήστε ετικέτα πρώτοι!
|
MARC
| LEADER | 00000cam a2200000 i 4500 | ||
|---|---|---|---|
| 001 | 1/68997 | ||
| 008 | 150330s1957 gr | ||| |||| ||gre|| | ||
| 035 | |l 10121458 | ||
| 040 | |a GR-MyUA |b gre |e AACR2 | ||
| 041 | 0 | |a gre | |
| 082 | 0 | |a 039 ΔΡΑ |2 (23) | |
| 100 | 1 | |a Δρανδάκης, Παύλος, |d 1896-1945. | |
| 245 | 1 | 0 | |a Μεγάλη ελληνική εγκυκλοπαίδεια : |b συμπλήρωμα / |c Παύλου Δρανδάκη. |
| 260 | |a Αθήναι : |b "Ο Φοίνιξ", |c [1957]. | ||
| 300 | |a 2 τ. (958, 960 σ.) : |b εικ., χάρτες ; |c 36 εκ. | ||
| 500 | |a Στο recto του τ.1 και στη σ. τ. του τ.2 υπάρχει σφραγίδα "Μικτόν Γυμνάσιον Καρλοβασίου Σάμου - (Εξατάξιον Α. Ν. 129/1967) - Βασίλειον της Ελλάδος". | ||
| 505 | 0 | |a Τ. 1. Α-Βενεζουέλα -- τ. 2. Βενεμίδη -Ζωοκλοπή. | |
| 650 | 0 | 0 | |a Encyclopedias and dictionaries, Greek. |
| 852 | |a INST |b SAMOS |c PORFYRIADA |e 20150330 |h 039 ΔΡΑ |p 005300041977 |q 005300041977 |t NOLOAN |v τομ.1: |y 23 | ||
| 852 | |a INST |b SAMOS |c PORFYRIADA |e 20150330 |h 039 ΔΡΑ |p 005300041978 |q 005300041978 |t NOLOAN |v τομ.2: |y 23 | ||
| 853 | |a INST |b SAMOS |c PORFYRIADA |h 039 ΔΡΑ | ||
| 901 | |a BIBL3-2015-1 | ||
| 909 | |a Σ |b 192004 | ||
| 909 | |a Σ |b 192005 | ||
| 970 | |a ΣΙΤΖΙΜΗ |b ΓΙΑΣΕΜΗ |z 2015/03/30 | ||